00473nam a22001817a 450000500170000001000110001702000100002803500110003803700160004904000120006508200190007710000190009624500450011526000440016027000360020430000200024065000310026020170124110217.0 a185730 c00.00 a185730 bCen Lib/Ret aDPLbEN a629.14353bGAY aGaynor, Frank  aAerospace dictionary /cby Frank Gaynor  aNew York bPhilosophical Libaray c1960 bNew York a15 east 40th street  a260p.c21cm(Hb) aAero space vDictionaries